Sports Quiz

Random Sports or NCAA Quiz
Score 0/20 Timer 05:00
0 Plays Today
Hint Answers % Correct
Team ColorBlack
84.8%
NicknameRams
77.3%
CityRichmond
74.9%
ConferenceAtlantic 10
61.5%
Primary RivalOld Dominion
46.2%
Team ColorGold
45.2%
Famous Alum: 3B/C ____ IngeBrandon
36.7%
MascotRodney the Ram
28.9%
Primary RivalRichmond
28.7%
Basketball ArenaStuart C. Siegel Center
27%
Hint Answers % Correct
No. of Women's Varsity Sports8
23.1%
StateVirginia
20.8%
No. of Men's Varsity Sports7
20%
Primary RivalGeorge Mason
20%
Famous Alum: PG ____ MaynorEric
19.1%
Athletic DirectorEd McLaughlin
17.8%
Fight Song (Unofficial)You Don't Want to Go to War
12.8%
Name of Student SectionRowdy Rams
9.9%
Baseball StadiumThe Diamond
9.1%
Soccer StadiumSports Backers Stadium
7.4%
Remove Ads.
Support Sporcle.
Get the best of Sporcle when you Go Orange. This ad-free experience offers more features, more stats, and more fun while also helping to support Sporcle. Thank you for becoming a member.

You're not logged in!

Compare scores with friends on all Sporcle quizzes.
OR
Log In

Show Comments

Extras

Top Quizzes Today


Score Distribution

Your Account Isn't Verified!

In order to create a playlist on Sporcle, you need to verify the email address you used during registration. Go to your Sporcle Settings to finish the process.

Report this User

Report this user for behavior that violates our Community Guidelines.

Details: